[Event "Carlsen Tour Final 2020"]
[Site "chess24.com INT"]
[Date "2020.08.15"]
[Round "2.23"]
[White "Carlsen,M"]
[Black "Nakamura,Hi"]
[Result "1-0"]
[WhiteElo "2863"]
[BlackElo "2736"]

1.c4 e5 2.g3 Nf6 3.Bg2 d5 4.cxd5 Nxd5 5.Nf3 Nc6 6.O-O Nb6 7.b3 Be6 8.Qc2 Qd7
9.Rd1 O-O-O 10.Nc3 f6 11.d4 exd4 12.Bb2 Bf5 13.Qc1 d3 14.exd3 Bh3 15.Bh1 Bg4
16.d4 Bb4 17.d5 Bxc3 18.Qxc3 Nxd5 19.Qc4 Be6 20.Nd4 Bf7 21.Nxc6 Qxc6 22.Qg4+ Qe6
23.Qxg7 Rhg8 24.Qh6 Qf5 25.Bg2 Kb8 26.Rd4 Rde8 27.Qd2 c6 28.b4 Qh5 29.Re1 Rxe1+
30.Qxe1 Re8 31.Re4 Rxe4 32.Bxe4 Bg6 33.Bg2 Qf5 34.a3 Qd3 35.h4 Kc7 36.Kh2 Qb1
37.Qd2 Be4 38.Bxf6 Bxg2 39.Kxg2 Kb6 40.Bd4+ Kb5 41.Bxa7 Ka4 42.Bc5 b5 43.Qe2 Kxa3
44.Qe6 Qd3 45.Qxc6 Kb3 46.Qe6 Qc4 47.Qf5 Nxb4 48.Bxb4 Kxb4 49.Qxh7 Qd5+ 50.Kh2 Ka3
51.Qa7+ Kb2 52.Qg7+ Ka2 53.Qg5 Qd3 54.Qc5 Qe2 55.h5 Qb2 56.h6 b4 57.h7 Qf6
58.Kg2 b3 59.Qa7+  1-0

[Event "Carlsen Tour Final 2020"]
[Site "chess24.com INT"]
[Date "2020.08.15"]
[Round "2.25"]
[White "Carlsen,M"]
[Black "Nakamura,Hi"]
[Result "1/2-1/2"]
[WhiteElo "2863"]
[BlackElo "2736"]

1.d4 Nf6 2.Nf3 d5 3.c4 e6 4.Bg5 dxc4 5.e4 c5 6.Bxc4 cxd4 7.O-O Be7 8.e5 Nd5
9.Bxe7 Nxe7 10.Nbd2 O-O 11.Re1 b6 12.Ne4 Ba6 13.Bxa6 Nxa6 14.Nd6 Qd7 15.Qxd4 Rad8
16.Rad1 Nc7 17.Qe4 h6 18.Nd4 Ncd5 19.f4 Nc8 20.Nxc8 Qxc8 21.f5 Qc5 22.fxe6 fxe6
23.Rc1 Nf6 24.exf6 Qxd4+ 25.Qxd4 Rxd4 26.fxg7 Rf6 27.Rc7 Rd2 28.g3 Rxb2 29.Rxa7 Rf7
30.Rxf7 Kxf7 31.Rxe6 Kxg7 32.Re7+ Kg6 33.Ra7 b5 34.Ra6+ Kg7 35.h4 b4 36.Rb6 Rxa2
37.Rxb4 h5 38.Rf4 Kg6 39.Rf2 Ra3 40.Kg2 Ra4 41.Rb2 Ra3 42.Rb6+ Kg7 43.Rb5 Kg6
44.Rg5+ Kh6 45.Re5 Kg6 46.Re6+ Kg7 47.Kf2 Rb3 48.Re3 Rb5 49.Kf3 Kf6 50.Ra3 Rf5+
51.Kg2 Rb5 52.Ra6+ Kg7 53.Re6 Rb3 54.Kf2 Ra3 55.Re3 Ra5 56.Kf3 Kf6 57.Re4 Kf5
58.Rf4+ Kg6 59.Rb4 Kf5 60.Rb6 Ra3+ 61.Kg2 Ra5 62.Rh6 Ke4 63.Rf6 Rf5 64.Ra6 Rc5
65.Re6+ Re5 66.Rxe5+ Kxe5 67.Kf3 Kf5 68.g4+ hxg4+ 69.Kg3 Kg6 70.Kxg4 Kh6
71.h5 Kh7 72.Kg5 Kh8 73.h6 Kg8 74.Kg6 Kh8 75.h7  1/2-1/2

[Event "Carlsen Tour Final 2020"]
[Site "chess24.com INT"]
[Date "2020.08.15"]
[Round "2.26"]
[White "Nakamura,Hi"]
[Black "Carlsen,M"]
[Result "0-1"]
[WhiteElo "2736"]
[BlackElo "2863"]

1.e4 e5 2.Nf3 Nc6 3.Bb5 Nf6 4.Bxc6 dxc6 5.d3 Bd6 6.Nbd2 Bg4 7.h3 Bh5 8.Nc4 Nd7
9.Ne3 Nf8 10.Nf5 Ne6 11.g4 Bg6 12.Be3 c5 13.c3 Qd7 14.Qc2 O-O-O 15.O-O-O f6
16.Kb1 Kb8 17.d4 cxd4 18.cxd4 exd4 19.N3xd4 Nxd4 20.Rxd4 Bxf5 21.exf5 h5
22.Rhd1 hxg4 23.hxg4 Qe7 24.Qa4 b6 25.Qc6 Be5 26.Rd7 Rxd7 27.Rxd7 Qb4 28.Bd4 Bd6
29.Qe4 Qa4  0-1

[Event "Carlsen Tour Final 2020"]
[Site "chess24.com INT"]
[Date "2020.08.15"]
[Round "2.21"]
[White "Carlsen,M"]
[Black "Nakamura,Hi"]
[Result "0-1"]
[WhiteElo "2863"]
[BlackElo "2736"]

1.d4 Nf6 2.c4 e6 3.Nf3 d5 4.Nc3 dxc4 5.e4 b5 6.e5 Nd5 7.Nxb5 Nb6 8.a4 Qd7
9.Be2 Nc6 10.O-O Na5 11.Ng5 h6 12.Ne4 Bb7 13.Nc5 Bxc5 14.dxc5 Nd5 15.Ra3 a6
16.Nd4 Ne7 17.Qd2 Qd5 18.Rg3 Qxc5 19.b4 cxb3 20.Ba3 Qxa3 21.Qxa5 Bd5 22.Rxg7 c5
23.Bh5 cxd4 24.Rxf7 Kd7 25.Bg4 Kc6 26.Bxe6 Bxe6 27.Rf6 Kd7 28.Qb6 Bd5 29.Rd6+ Ke8
30.Rxd5 Nxd5 31.Qc6+ Ke7 32.Qb7+ Ke6 33.Qc6+ Ke7 34.Qb7+ Ke6 35.Qc6+ Kf5
36.Qxd5 Qe7 37.e6+ Kg6 38.Qe4+ Kg7 39.Qxd4+ Kg8 40.Qg4+ Qg7 41.Qc4 b2 42.f4 Rb8
43.Qe4 Rh7 44.Rb1 Qb7 45.Qe2 Rc7  0-1

[Event "Carlsen Tour Final 2020"]
[Site "chess24.com INT"]
[Date "2020.08.16"]
[Round "2.35"]
[White "Nakamura,Hi"]
[Black "Carlsen,M"]
[Result "1-0"]
[WhiteElo "2736"]
[BlackElo "2863"]

1.e4 e5 2.Nf3 Nc6 3.Bb5 Nf6 4.d3 Bc5 5.Bxc6 dxc6 6.Nbd2 O-O 7.Qe2 Re8 8.Nc4 Nd7
9.Bd2 b5 10.Ne3 Nf8 11.h4 Ne6 12.Nxe5 a5 13.Qh5 g6 14.Qf3 f6 15.Nxc6 Qd7
16.Qxf6 Qxc6 17.Bc3 Rf8 18.Qh8+ Kf7 19.Qxh7+ Ke8 20.Qxg6+ Kd7 21.d4 b4 22.dxc5  1-0

[Event "Carlsen Tour Final 2020"]
[Site "chess24.com INT"]
[Date "2020.08.16"]
[Round "2.32"]
[White "Carlsen,M"]
[Black "Nakamura,Hi"]
[Result "1/2-1/2"]
[WhiteElo "2863"]
[BlackElo "2736"]

1.e4 e5 2.Nf3 Nc6 3.Bb5 Nf6 4.O-O Nxe4 5.Re1 Nd6 6.Nxe5 Be7 7.Bf1 Nf5 8.c3 Nxe5
9.Rxe5 d6 10.Re1 d5 11.d4 O-O 12.Bf4 Bd6 13.Qf3 Nh4 14.Qg3 Nf5 15.Qf3 Nh4
16.Qg3 Nf5 17.Qf3  1/2-1/2

[Event "Carlsen Tour Final 2020"]
[Site "chess24.com INT"]
[Date "2020.08.16"]
[Round "2.33"]
[White "Nakamura,Hi"]
[Black "Carlsen,M"]
[Result "1-0"]
[WhiteElo "2736"]
[BlackElo "2863"]

1.e4 e5 2.Nf3 Nc6 3.Bb5 Nf6 4.d3 Bc5 5.Bxc6 dxc6 6.Nbd2 O-O 7.Qe2 Re8 8.Nc4 Nd7
9.h4 a5 10.h5 b5 11.Ne3 Nf8 12.Bd2 Ne6 13.a4 b4 14.b3 Ba6 15.g3 Bxe3 16.Bxe3 f5
17.Rh4 f4 18.Bd2 Nd4 19.Nxd4 Qxd4 20.Rc1 fxg3 21.fxg3 Qg1+ 22.Qf1 Qxg3+ 23.Qf2 Qxf2+
24.Kxf2 Re6 25.Rg1 Rf8+ 26.Ke1 Bc8 27.h6 g6 28.Bg5 Ree8 29.Rh2 Rf3 30.Rf2 Rxf2
31.Kxf2 Rf8+ 32.Ke3 Kf7 33.Rf1+ Ke8 34.Rxf8+ Kxf8 35.Bd8 c5 36.Bxc7 Ke7 37.Bxe5 Kd7
38.Bf6 Bb7 39.Kf4 Bc6  1-0

[Event "Carlsen Tour Final 2020"]
[Site "chess24.com INT"]
[Date "2020.08.16"]
[Round "2.34"]
[White "Carlsen,M"]
[Black "Nakamura,Hi"]
[Result "1/2-1/2"]
[WhiteElo "2863"]
[BlackElo "2736"]

1.d4 Nf6 2.Nf3 d5 3.Bf4 c5 4.e3 Qb6 5.Nc3 Bd7 6.Rb1 e6 7.a3 Nc6 8.Be2 Nh5
9.Be5 cxd4 10.Bxd4 Nxd4 11.Qxd4 Qxd4 12.exd4 Nf4 13.Bf1 Bd6 14.h4 h5 15.g3 Ng6
16.Bb5 Rc8 17.Kd2 a6 18.Bxd7+ Kxd7 19.Nd1 f6 20.Ne3 Ne7 21.c3 Rc6 22.Ne1 Nc8
23.Nd3 Nb6 24.b4 Rb8 25.Nc5+ Ke7 26.a4 Bxc5 27.bxc5 Nxa4 28.Rb3 b5 29.Ra1 Rd8
30.Nc2 e5 31.f4 Kf7 32.Rf1 exf4 33.gxf4 f5 34.Nb4 Rg6 35.Rf2 Ra8 36.Rb1 Rg3
37.Nd3 Re8 38.Ne5+ Kg8 39.Rc1 a5 40.Re2 b4 41.cxb4 axb4 42.Re3 Rg2+ 43.Re2 Rg3
44.Re3 Rg2+ 45.Re2 Rg3  1/2-1/2

[Event "Carlsen Tour Final 2020"]
[Site "chess24.com INT"]
[Date "2020.08.16"]
[Round "2.31"]
[White "Nakamura,Hi"]
[Black "Carlsen,M"]
[Result "0-1"]
[WhiteElo "2736"]
[BlackElo "2863"]

1.e4 e5 2.Nf3 Nc6 3.Bb5 Nf6 4.d3 Bc5 5.Bxc6 dxc6 6.Nbd2 O-O 7.Nc4 Nd7 8.O-O f6
9.a4 a5 10.Be3 b6 11.h4 Qe8 12.g3 Be7 13.Ne1 Nc5 14.Ng2 Be6 15.b3 Qd7 16.Qe2 Rae8
17.f3 Bxc4 18.dxc4 Qh3 19.Kf2 Qe6 20.Kg1 f5 21.exf5 Qxf5 22.Rad1 Qh3 23.Bf2 Bd6
24.Rfe1 Re7 25.Qe3 Ref7 26.f4 exf4 27.gxf4 Qg4 28.Qe2 Rxf4 29.Qxg4 Rxg4 30.Rd4 Rg6
31.h5 Rh6 32.Rh4 Rf5 33.Be3 Rhxh5 34.Rxh5 Rxh5 35.Bf4 Bxf4 36.Nxf4 Rf5 37.Ne6 Nxe6
38.Rxe6 c5 39.Re7 h5 40.Rxc7 Kh7 41.Kg2 Kh6 42.c3 Rf6 43.Rc8 Kg5 44.Rd8 Kg4
45.b4 h4  0-1

[Event "Carlsen Tour Final 2020"]
[Site "chess24.com INT"]
[Date "2020.08.16"]
[Round "2.36"]
[White "Carlsen,M"]
[Black "Nakamura,Hi"]
[Result "1/2-1/2"]
[WhiteElo "2863"]
[BlackElo "2736"]

1.c4 e5 2.g3 Nf6 3.Bg2 d5 4.cxd5 Nxd5 5.Nf3 Nc6 6.O-O Nb6 7.b3 Be6 8.Nc3 Qd7
9.d4 exd4 10.Nb5 d3 11.Bb2 f6 12.Nbd4 Nxd4 13.Nxd4 Bd5 14.Bxd5 Qxd5 15.Qxd3 c5
16.Qb5+ Qd7 17.Qxd7+ Kxd7 18.Nf5 Ke6 19.e4 Rc8 20.Rac1 c4 21.Rfd1 g6 22.Nd4+ Kf7
23.Nb5 Be7 24.Nxa7 Ra8 25.Nb5 Rxa2 26.Bd4 Nc8 27.Rxc4 Rd8 28.Rc7 b6 29.Nc3 Rc2
30.Kg2 Ke8 31.Nd5 Rxc7 32.Nxc7+ Kf7 33.Nd5 f5 34.f3 Bc5 35.Bxc5 bxc5 36.Rc1 fxe4
37.fxe4 Nd6 38.Rxc5 Nxe4 39.Rc7+ Ke6 40.Nf4+ Kf6 41.Kf3 Nd2+ 42.Kg4 Nxb3
43.Rxh7 Nd4 44.Ra7 Rd6 45.Ra8 Nf5 46.Rf8+ Kg7 47.Ra8 Kf6 48.Ra2 Nh6+ 49.Kf3 g5
50.Ng2 Nf5 51.Ne1 Kg6 52.Kf2 Rf6 53.Ra4 Rb6 54.Nf3 Rb2+ 55.Kg1 Ne3 56.Re4 Rb1+
57.Kf2 Nd1+ 58.Kg2 Rb2+ 59.Kg1 Rb3 60.Re6+ Kh5 61.Ne5 Ne3 62.h3 Rb2 63.Re8 Kh6
64.g4 Rg2+ 65.Kh1 Rg3 66.Rh8+ Kg7 67.Rh5 Kf6 68.Nd3 Nxg4 69.Nc5 Nf2+ 70.Kh2 Rxh3+
71.Rxh3 Nxh3 72.Ne4+ Ke7 73.Nxg5 Nxg5  1/2-1/2

[Event "Carlsen Tour Final 2020"]
[Site "chess24.com INT"]
[Date "2020.08.17"]
[Round "2.43"]
[White "Carlsen,M"]
[Black "Nakamura,Hi"]
[Result "1-0"]
[WhiteElo "2863"]
[BlackElo "2736"]

1.e4 e5 2.Nf3 Nc6 3.Bc4 Bc5 4.O-O Nf6 5.d3 d6 6.c3 h6 7.Re1 O-O 8.Nbd2 a5
9.Nf1 Be6 10.Bb5 Ne7 11.d4 exd4 12.cxd4 Bb6 13.Ng3 d5 14.e5 Ne4 15.Bd3 Nxg3
16.hxg3 a4 17.Bc2 a3 18.bxa3 Bg4 19.a4 Qd7 20.Ba3 Rfe8 21.Bxe7 Qxe7 22.Qd3 g6
23.Nh4 Qb4 24.Nxg6 Qxd4 25.Ne7+ Kf8 26.Nxd5 Qxf2+ 27.Kh2 Rad8 28.Rf1 Rxe5
29.Rxf2 Rdxd5 30.Rxf7+ Ke8 31.Qxd5 Rxd5 32.Bg6 Kd8 33.Re1 c6 34.Rxb7 Bc7
35.Re8+ Kd7 36.Rh8  1-0

[Event "Carlsen Tour Final 2020"]
[Site "chess24.com INT"]
[Date "2020.08.17"]
[Round "2.41"]
[White "Carlsen,M"]
[Black "Nakamura,Hi"]
[Result "1/2-1/2"]
[WhiteElo "2863"]
[BlackElo "2736"]

1.c4 e5 2.g3 Nf6 3.Bg2 d5 4.cxd5 Nxd5 5.Nf3 Nc6 6.O-O Nb6 7.b3 Be6 8.Bb2 f6
9.Nc3 Qd7 10.Qc1 Nd4 11.Nxd4 exd4 12.Ne4 O-O-O 13.a4 d3 14.a5 Nd5 15.Nc5 Bxc5
16.Qxc5 Kb8 17.Bd4 b6 18.axb6 cxb6 19.Qa3 dxe2 20.Rfe1 Rc8 21.Rxe2 Rc7 22.Rae1 Bh3
23.Bxb6 Nxb6 24.Re7 Qxd2 25.Bxh3 Rd8 26.Qa6 Rxe7 27.Rxe7 Qd1+ 28.Bf1 Rd7
29.Re8+ Rd8 30.Re3 h5 31.h4 g5 32.hxg5 fxg5 33.Re7 Rd7 34.Re5 Rd5 35.Re8+ Rd8
36.Qb5 h4 37.Qe5+ Kc8 38.Re6 hxg3 39.Rc6+ Kb7 40.Qc7+ Ka8 41.Qxg3 Nd5 42.Qxg5 Nf4
43.Qxf4 Rg8+ 44.Kh2 Qxf1 45.Qf3 Kb8 46.Qf4+ Ka8 47.Qf3 Kb8 48.Rh6 Qg1+ 49.Kh3 Qf1+
50.Kh4 Qg1 51.Qf4+ Ka8 52.Qe4+ Kb8 53.Qe5+ Ka8 54.Qd5+ Kb8 55.Qb5+ Ka8 56.Qc6+ Kb8
57.Qd6+ Ka8 58.Qd5+ Kb8 59.Qe5+ Ka8 60.Qe4+ Kb8 61.Qf4+ Ka8 62.Qf3+ Kb8 63.Qf4+  1/2-1/2

[Event "Carlsen Tour Final 2020"]
[Site "chess24.com INT"]
[Date "2020.08.17"]
[Round "2.44"]
[White "Nakamura,Hi"]
[Black "Carlsen,M"]
[Result "1/2-1/2"]
[WhiteElo "2736"]
[BlackElo "2863"]

1.e4 e5 2.Nf3 Nc6 3.Bb5 Nf6 4.d3 d6 5.c3 g6 6.d4 Bg7 7.O-O O-O 8.Re1 exd4
9.cxd4 Bg4 10.Bxc6 bxc6 11.Nbd2 Re8 12.Qc2 c5 13.dxc5 d5 14.h3 Bxf3 15.Nxf3 dxe4
16.Nh2 Qd3 17.Qa4 a6 18.Rd1 Qb5 19.Qc2 Rad8 20.Be3 Nd5 21.Bg5 f6 22.a4 Qc6
23.Bd2 f5 24.Rab1 f4 25.Qc4 Kh8 26.Be1 e3 27.b4 exf2+ 28.Bxf2 Ne3 29.Bxe3 Rxd1+
30.Rxd1 fxe3 31.b5 axb5 32.axb5 e2 33.Qxe2 Qxc5+ 34.Qf2 Re1+ 35.Rxe1 Bd4
36.Re8+ Kg7 37.Re7+ Kg8 38.Re8+ Kg7 39.Re7+ Kg8 40.Re8+ Kg7  1/2-1/2

[Event "Carlsen Tour Final 2020"]
[Site "chess24.com INT"]
[Date "2020.08.17"]
[Round "2.42"]
[White "Nakamura,Hi"]
[Black "Carlsen,M"]
[Result "1/2-1/2"]
[WhiteElo "2736"]
[BlackElo "2863"]

1.e4 e5 2.Nf3 Nc6 3.Bb5 Nf6 4.d3 d6 5.c3 g6 6.d4 Bd7 7.dxe5 Nxe5 8.Nxe5 dxe5
9.Bxd7+ Qxd7 10.Qxd7+ Nxd7 11.Be3 Bc5 12.Ke2 Bxe3 13.Kxe3 Ke7 14.Rd1 Rhd8
15.Na3 Nc5 16.Nc4 Ke6 17.b3 b6 18.Nb2 a5 19.Rxd8 Rxd8 20.Rd1 Rxd1 21.Nxd1 f5
22.f3 f4+ 23.Ke2 g5 24.Nf2 h5 25.Nd3 Kd6 26.Nxc5 Kxc5 27.Kd3 Kb5 28.a3 c6
29.c4+ Kc5 30.Kc3 b5 31.b4+ axb4+ 32.axb4+ Kd6 33.cxb5 cxb5 34.h3 h4 35.Kc2 Ke6
36.Kc3 Kd6 37.Kc2 Ke6 38.Kc3 Kd6  1/2-1/2

[Event "Carlsen Tour Final 2020"]
[Site "chess24.com INT"]
[Date "2020.08.18"]
[Round "2.55"]
[White "Nakamura,Hi"]
[Black "Carlsen,M"]
[Result "0-1"]
[WhiteElo "2736"]
[BlackElo "2863"]

1.e4 Nf6 2.e5 Nd5 3.d4 d6 4.c4 Nb6 5.f4 dxe5 6.fxe5 Bf5 7.Nc3 e6 8.Nf3 Bb4
9.Be2 c5 10.a3 Bxc3+ 11.bxc3 Nc6 12.O-O O-O 13.Be3 Na5 14.Nd2 Bg6 15.Qe1 Na4
16.Nf3 Nb2 17.Bg5 Qd7 18.Qh4 cxd4 19.cxd4 Nbxc4 20.Qg4 Qd5 21.Rae1 Rac8 22.h4 h5
23.Qg3 Nxa3 24.Bf6 Nc2 25.Bd3 Nxe1 26.Rxe1 Qd7 27.d5 Rc3 28.Re3 Rxd3 29.Rxd3 exd5
30.e6 Qxe6 31.Bd4 Nc6 32.Rd2 Qg4 33.Qf2 Be4 34.Ne5 Nxe5 35.Bxe5 Rc8 36.Kh2 f6
37.Bd4 b6 38.Ra2 Rc2 39.Rxc2 Bxc2 40.Bxf6 gxf6 41.Qxc2 Qxh4+ 42.Kg1 Qe1+
43.Kh2 Qe5+ 44.Kh1 Kg7 45.Qc6 d4 46.Qb7+ Kh6 47.Qxa7 d3 48.Qd7 Qe1+ 49.Kh2 d2
50.Qd8 Qh4+ 51.Kg1 Qf4 52.Qh8+ Kg5 53.Qg8+ Kh4 54.Qd5 Qe3+ 55.Kh2 Qe5+ 56.g3+ Qxg3+
57.Kh1 Qe1+ 58.Kg2 Qe2+  0-1

[Event "Carlsen Tour Final 2020"]
[Site "chess24.com INT"]
[Date "2020.08.18"]
[Round "2.54"]
[White "Carlsen,M"]
[Black "Nakamura,Hi"]
[Result "1/2-1/2"]
[WhiteElo "2863"]
[BlackElo "2736"]

1.d4 Nf6 2.Nf3 d5 3.Bf4 c5 4.e3 Qb6 5.c4 cxd4 6.Qxd4 Nbd7 7.Nc3 Qxd4 8.exd4 dxc4
9.Bxc4 Nb6 10.Bb3 e6 11.Ke2 Bb4 12.Rac1 O-O 13.Ne5 Rd8 14.Rhd1 Bd7 15.Nxd7 Rxd7
16.a3 Be7 17.Be5 Ng4 18.Bg3 Nf6 19.Na4 Nxa4 20.Bxa4 b5 21.Bxb5 Rb7 22.a4 a6
23.Bc6 Rxb2+ 24.Rd2 Rxd2+ 25.Kxd2 Rd8 26.Kd3 Rc8 27.Rc4 Nh5 28.Be5 f6 29.Bg3 Nxg3
30.hxg3 a5 31.Bd7 Rxc4 32.Bxe6+ Kf8 33.Kxc4 Bb4 34.g4 Ke7 35.Bg8 h6 36.Kd5 Be1
37.f3 Bc3 38.Ke4 Bb2 39.Bc4 Bc3 40.d5 Bb4 41.Kf5 Bc5 42.Kg6 Kf8 43.f4 Bd6
44.g5 hxg5 45.fxg5 fxg5 46.Kxg5 Bb4  1/2-1/2

[Event "Carlsen Tour Final 2020"]
[Site "chess24.com INT"]
[Date "2020.08.18"]
[Round "2.53"]
[White "Nakamura,Hi"]
[Black "Carlsen,M"]
[Result "1/2-1/2"]
[WhiteElo "2736"]
[BlackElo "2863"]

1.e4 e5 2.Nf3 Nc6 3.Bb5 Nf6 4.O-O Nxe4 5.Re1 Nd6 6.Nxe5 Be7 7.Bf1 Nf5 8.Nf3 O-O
9.d4 d5 10.Nc3 Bb4 11.Bg5 f6 12.Bc1 Nce7 13.a3 Bxc3 14.bxc3 Nd6 15.Nd2 Bf5
16.c4 c6 17.a4 Re8 18.c5 Nf7 19.Nb3 Qd7 20.Bf4 Ng6 21.Rxe8+ Rxe8 22.Bg3 h5
23.h4 Bg4 24.f3 Bf5 25.a5 a6 26.Qd2 Nh6 27.Re1 Rxe1 28.Bxe1 Be6 29.Bd3 Bf5
30.Bf1 Be6 31.Bd3 Bf5 32.Bf1  1/2-1/2

[Event "Carlsen Tour Final 2020"]
[Site "chess24.com INT"]
[Date "2020.08.18"]
[Round "2.57"]
[White "Carlsen,M"]
[Black "Nakamura,Hi"]
[Result "0-1"]
[WhiteElo "2863"]
[BlackElo "2736"]

1.d4 Nf6 2.c4 e6 3.Nc3 Bb4 4.a3 Bxc3+ 5.bxc3 c5 6.e3 Nc6 7.Bd3 O-O 8.Ne2 b6
9.e4 Ne8 10.O-O Ba6 11.f4 f5 12.exf5 exf5 13.dxc5 bxc5 14.Be3 d6 15.Ng3 g6
16.Re1 Nf6 17.Bf2 Qd7 18.Nf1 Na5 19.Bh4 Rae8 20.Rxe8 Qxe8 21.Bxf6 Rxf6 22.Qf3 Re6
23.Rb1 Bxc4 24.Bxc4 Nxc4 25.a4 Kg7 26.Qb7+ Qf7 27.Qa6 Re7 28.Rb8 Kh6 29.h3 Qe6
30.Ra8 Nd2 31.Rd8 Nxf1 32.Qxf1 Qe3+ 33.Kh2 Re4 34.Rxd6 Qxf4+ 35.Qxf4+ Rxf4
36.a5 Rc4 37.Ra6 Rxc3 38.Rxa7 Ra3 39.Kg1 c4 40.Kf2 Ra2+ 41.Ke3 Rxg2 42.Kd4 Rh2
43.a6 Rxh3 44.Kxc4 Rh1 45.Rd7 Ra1 46.Kb5 Kg5 47.Rd4 f4 48.Ra4 Rxa4 49.Kxa4 f3
50.a7 f2 51.a8=Q f1=Q 52.Qd5+ Qf5 53.Qd2+ Qf4+  0-1

[Event "Carlsen Tour Final 2020"]
[Site "chess24.com INT"]
[Date "2020.08.18"]
[Round "2.52"]
[White "Carlsen,M"]
[Black "Nakamura,Hi"]
[Result "1/2-1/2"]
[WhiteElo "2863"]
[BlackElo "2736"]

1.e4 e5 2.Nf3 Nc6 3.Bc4 Bc5 4.O-O Nf6 5.d3 d6 6.c3 h6 7.Re1 O-O 8.Nbd2 a5
9.Nf1 Be6 10.Bb5 Ne7 11.d4 exd4 12.cxd4 Bb6 13.Ng3 d5 14.e5 Ne4 15.Bd3 Nxg3
16.hxg3 Bg4 17.Bc2 c5 18.Be3 cxd4 19.Bxd4 Rc8 20.Rc1 Rc4 21.Bxb6 Qxb6 22.b3 Rc7
23.Bb1 Rfc8 24.Rxc7 Qxc7 25.Qd4 Be6 26.Qd3 Bf5 27.Qe3 Qc3 28.Qf4 Bxb1 29.Rxb1 Ng6
30.Qf5 Qc2 31.Nd4 Qxf5 32.Nxf5 Kf8 33.f4 Ne7 34.Nd6 Rc2 35.a4 d4 36.Rd1 Nc6
37.Nb5 Rb2 38.Rd3 Ke7 39.Kh2 Ke6 40.Nxd4+ Nxd4 41.Rxd4 Rxb3 42.Rd6+ Ke7 43.Rd5 b6
44.Rd6  1/2-1/2

[Event "Carlsen Tour Final 2020"]
[Site "chess24.com INT"]
[Date "2020.08.18"]
[Round "2.56"]
[White "Carlsen,M"]
[Black "Nakamura,Hi"]
[Result "0-1"]
[WhiteElo "2863"]
[BlackElo "2736"]

1.d4 Nf6 2.Nf3 g6 3.c4 Bg7 4.Nc3 O-O 5.e4 d6 6.Be2 Nbd7 7.O-O e5 8.Be3 Ng4
9.Bg5 f6 10.Bh4 h5 11.h3 Nh6 12.Bg3 Kh7 13.Qc2 c6 14.Rad1 Qe7 15.c5 dxc5
16.d5 Nb6 17.dxc6 bxc6 18.Na4 Nxa4 19.Qxa4 Rb8 20.b3 Rb4 21.Qxc6 Bb7 22.Qd7 Rf7
23.Qxe7 Rxe7 24.Nd2 Bxe4 25.Nxe4 Rxe4 26.Bc4 Rd4 27.f3 Red7 28.Ra1 Nf5 29.Bf2 Bh6
30.Rfe1 Bd2 31.Bxd4 cxd4 32.Red1 Be3+ 33.Kh2 h4 34.b4 Bf4+ 35.Kg1 Ne3 36.Rdc1 d3
37.Bb5 Rd4 38.Rc7+ Kh6 39.Rd7 Rxb4 40.Bxd3 Rb2 41.Bf1 Nf5 42.a4 Be3+ 43.Kh2 Bd4
44.Rc1 Ne3 45.a5 Rf2 46.Kg1 Ra2 47.a6 Nxf1+ 48.Kxf1 Rf2+ 49.Ke1 Rxg2 50.f4 Rg1+
51.Kd2 Be3+ 52.Kxe3 Rxc1 53.fxe5 Re1+ 54.Kf3 Rxe5 55.Rxa7 Ra5 56.Ra8 Ra3+
57.Kg4 Ra4+ 58.Kf3 Kg5 59.a7 Ra1 60.Ke3 Ra3+ 61.Ke4 Ra2 62.Kf3 Ra6 63.Ke4 Ra3
64.Kd5 Kf4 65.Rh8 Rxa7 66.Rxh4+ Kf5 67.Rh8 Rd7+ 68.Kc5 g5 69.Rh6 Ke5 70.h4 gxh4
71.Rxh4 Rc7+ 72.Kb6 Rc2 73.Rh1 f5 74.Re1+ Kf4 75.Rf1+ Ke4 76.Re1+ Kf3 77.Rf1+ Rf2
78.Rd1 f4 79.Kc5 Kg2 80.Kd4 f3  0-1

[Event "Carlsen Tour Final 2020"]
[Site "chess24.com INT"]
[Date "2020.08.18"]
[Round "2.51"]
[White "Nakamura,Hi"]
[Black "Carlsen,M"]
[Result "1/2-1/2"]
[WhiteElo "2736"]
[BlackElo "2863"]

1.e4 e5 2.Nf3 Nc6 3.Bb5 Nf6 4.O-O Nxe4 5.Re1 Nd6 6.Nxe5 Be7 7.Bf1 Nf5 8.Nf3 O-O
9.d4 d5 10.Nc3 Bb4 11.a3 Bxc3 12.bxc3 Nd6 13.h3 Bf5 14.Bf4 Re8 15.Rxe8+ Qxe8
16.Nh4 Be4 17.f3 Bg6 18.Nxg6 hxg6 19.Bd3 Na5 20.Bxd6 cxd6 21.Qd2 Nc4 22.Bxc4 dxc4
23.Re1 Qa4 24.Qc1 Re8 25.Rxe8+ Qxe8 26.Kf2 Qa4 27.Qb2 b6 28.h4 Kf8 29.Qb4 Qc6
30.g4 Ke7 31.Kg3 Qd5 32.Qb1 Qe6 33.Qc1 Kd7 34.Kf2 Kc6 35.Qg5 Kb7 36.Qd8 f5
37.Qf8 fxg4 38.fxg4 Ka6 39.Kf3 d5 40.Kf4 g5+ 41.hxg5 Qe4+ 42.Kg3 Qe1+ 43.Qf2 Qxc3+
44.Kf4 Qxa3 45.Ke5 Qe7+ 46.Kxd5 Kb5 47.Qf5 a5 48.c3 a4 49.Qb1+ Ka5 50.Kc6 Qe6+
51.Kc7 Qe7+ 52.Kc6 Qe8+ 53.Kc7 Qe7+ 54.Kc6  1/2-1/2

[Event "Carlsen Tour Final 2020"]
[Site "chess24.com INT"]
[Date "2020.08.19"]
[Round "2.64"]
[White "Nakamura,Hi"]
[Black "Carlsen,M"]
[Result "0-1"]
[WhiteElo "2736"]
[BlackElo "2863"]

1.e4 e5 2.Nf3 Nc6 3.Bb5 Nf6 4.d3 d6 5.c3 g6 6.O-O Bg7 7.Re1 O-O 8.Nbd2 Re8
9.Nf1 a6 10.Ba4 h6 11.Ng3 d5 12.h3 b5 13.Bc2 Be6 14.Bd2 Qd7 15.a4 Rad8 16.axb5 axb5
17.b4 d4 18.Qc1 dxc3 19.Bxc3 Nh7 20.Qb2 Qd6 21.Ne2 Ng5 22.Nd2 Bc8 23.Ra8 Bf8
24.Rb1 Bd7 25.Ra6 Ra8 26.Rxa8 Rxa8 27.h4 Ne6 28.Nf3 Bg7 29.Bb3 Ncd4 30.Nfxd4 Nxd4
31.Bxd4 exd4 32.f4 Bg4 33.e5 Qe7 34.Nxd4 Qxh4 35.Rc1 Rd8 36.Qc3 Qg3 37.Qxc7 Rd7
38.Qc8+ Kh7 39.Ra1 Rxd4 40.e6 Rxf4  0-1

[Event "Carlsen Tour Final 2020"]
[Site "chess24.com INT"]
[Date "2020.08.19"]
[Round "2.61"]
[White "Carlsen,M"]
[Black "Nakamura,Hi"]
[Result "1-0"]
[WhiteElo "2863"]
[BlackElo "2736"]

1.d4 Nf6 2.c4 e6 3.Nc3 Bb4 4.e3 O-O 5.Bd3 c5 6.Ne2 d5 7.a3 Bxc3+ 8.bxc3 dxc4
9.Bxc4 Qc7 10.Ba2 b6 11.O-O Ba6 12.Bb2 Nc6 13.Rc1 Rac8 14.c4 cxd4 15.exd4 Qe7
16.d5 exd5 17.Re1 Bxc4 18.Ng3 Qd8 19.Bb1 b5 20.Nf5 d4 21.Qd2 Be6 22.Rc5 a6
23.Nxg7 Kxg7 24.Qg5+ Kh8 25.Qh4 Rg8 26.Rxc6 Rxc6 27.Bxd4 Kg7 28.Qxh7+ Kf8
29.Qh6+ Ke8 30.Bxf6 Qa5 31.Qe3 Qb6 32.Rd1 Rd6 33.Bd4 Qc6 34.Be4 Qc4 35.h3 Kd7
36.Rd2 Re8 37.Kh2 Bd5 38.Bf5+ Be6 39.Bd3 Qa4 40.Be5 Rd5 41.Qa7+  1-0

[Event "Carlsen Tour Final 2020"]
[Site "chess24.com INT"]
[Date "2020.08.19"]
[Round "2.62"]
[White "Nakamura,Hi"]
[Black "Carlsen,M"]
[Result "1/2-1/2"]
[WhiteElo "2736"]
[BlackElo "2863"]

1.e4 e5 2.Nf3 Nc6 3.Bb5 Nf6 4.d3 d6 5.O-O Be7 6.c3 a6 7.Ba4 O-O 8.Re1 Re8
9.Nbd2 Bf8 10.Nf1 h6 11.Ng3 b5 12.Bc2 d5 13.a4 Rb8 14.axb5 axb5 15.h3 dxe4
16.dxe4 Qxd1 17.Rxd1 b4 18.Ba4 Bb7 19.cxb4 Bxb4 20.Be3 Ra8 21.b3 Red8 22.Rac1 Rxd1+
23.Rxd1 Bd6 24.Nd2 Nb4 25.Rc1 Nd3 26.Rc2 Nb4 27.Rc4 Ba6 28.Rc1 Bd3 29.Rc3 Rd8
30.Nc4 Bxc4 31.Rxc4 Nd3 32.Rc2 Nf4 33.f3 g6 34.Nf1 Nd7 35.Nd2 Bc5 36.Nf1 Ne6
37.Bxd7 Bxe3+ 38.Nxe3 Rxd7 39.Ng4 Re7 40.Nxh6+ Kg7 41.Ng4 Nd4 42.Rc5 f6 43.b4 c6
44.Kh2 Rb7 45.Rc4 g5 46.Ne3 Kg6 47.Kg3 Ra7 48.Nc2 Nxc2 49.Rxc2 Ra4 50.Rb2 Ra3
51.Kf2 Kh5 52.Rc2 Ra6 53.Ke2 Kh4 54.Kd3 Kg3 55.Kc4 Ra1 56.Kc5 Rb1 57.Re2 Rc1+
58.Kd6 Rb1 59.Ke6 Rxb4 60.Kxf6 Kf4 61.Rc2 c5 62.Rc3 Rb6+ 63.Ke7 Rb2 64.Ke6 Rxg2
65.Rxc5 Rg3 66.Rxe5 Rxf3 67.Rf5+ Kxe4 68.Rxf3 Kxf3 69.Kf5 Kg3 70.Kxg5 Kxh3  1/2-1/2

[Event "Carlsen Tour Final 2020"]
[Site "chess24.com INT"]
[Date "2020.08.20"]
[Round "2.71"]
[White "Nakamura,Hi"]
[Black "Carlsen,M"]
[Result "0-1"]
[WhiteElo "2736"]
[BlackElo "2863"]

1.e4 e5 2.Nf3 Nc6 3.Bb5 Nf6 4.d3 Bc5 5.Bxc6 dxc6 6.Nbd2 O-O 7.h3 Nd7 8.Nc4 a5
9.Be3 f6 10.O-O b5 11.Ncd2 Bxe3 12.fxe3 a4 13.Nh4 c5 14.Nf5 Nb6 15.Qe2 Be6
16.Nf3 Qd7 17.N3h4 Rad8 18.Rfd1 Kh8 19.d4 cxd4 20.exd4 exd4 21.Rxd4 Qc6 22.Rad1 Qc5
23.Qf2 Rxd4 24.Nxd4 Bxa2 25.b3 Rd8 26.Nhf5 axb3 27.cxb3 Bxb3 28.Nxg7 Rxd4
29.Rxd4 Kxg7 30.Qg3+ Kf8 31.Qe3 Nd7 32.Kh1 Ke8 33.Qd2 Be6 34.e5 Qxe5 35.Rh4 Nf8
36.Qb4 Kf7 37.Re4 c5 38.Qb1 Qd5 39.Rf4 b4 40.Qa1 Nd7 41.Qb1 Kg7 42.Qe1 b3
43.Qg3+ Qg5  0-1

[Event "Carlsen Tour Final 2020"]
[Site "chess24.com INT"]
[Date "2020.08.20"]
[Round "2.74"]
[White "Carlsen,M"]
[Black "Nakamura,Hi"]
[Result "1/2-1/2"]
[WhiteElo "2863"]
[BlackElo "2736"]

1.c4 e5 2.g3 Nf6 3.Bg2 d5 4.cxd5 Nxd5 5.Nc3 Nb6 6.Nf3 Nc6 7.O-O Be7 8.d3 O-O
9.Be3 Be6 10.Rc1 Nd5 11.Nxd5 Bxd5 12.Qc2 Re8 13.a3 Qd7 14.Nd2 Rad8 15.Bxd5 Qxd5
16.Qc4 a5 17.Rc2 f5 18.Rfc1 Qxc4 19.Rxc4 Rd5 20.R1c2 Bd6 21.Kg2 f4 22.Bc5 b5
23.R4c3 Nd4 24.Bxd4 exd4 25.Rc6 fxg3 26.hxg3 Rxe2 27.Kf3 Re6 28.Ne4 a4 29.Ra6 Re8
30.Ra7 h5 31.Kg2 Rf8 32.Rb7 Kh7 33.f4 h4 34.Nxd6 Rxd6 35.Rxb5 hxg3 36.Kxg3 Rdf6
37.Rh2+ Kg8 38.Rbh5 Re6 39.Kg4 Re3 40.R2h3 Rxh3 41.Rxh3 Re8 42.Rh5 Re3 43.Rc5 Rxd3
44.Rxc7 Rd1 45.Rd7 Rd2 46.Rb7 d3 47.Kf3 Rh2 48.Ke3 d2 49.Rd7 d1=N+ 50.Rxd1 Rxb2
51.Ke4 Rb3 52.Rd3 Rxd3 53.Kxd3 Kf7 54.Ke4 Kf6 55.f5 g6 56.fxg6 Kxg6 57.Kd5 Kf6
58.Kc6 Ke6 59.Kb5 Kd6 60.Kxa4 Kc7 61.Kb5 Kb8 62.Ka6 Ka8 63.Kb6 Kb8 64.a4 Ka8
65.a5 Kb8 66.a6 Ka8 67.a7  1/2-1/2